Medieval worlds : a sourcebook /

Bibliographic Details
Other Authors: Anderson, Roberta, 1948-, Bellenger, Dominic Aidan
Format: Book
Language:English
Published: London ; New York : Routledge, 2003.
Subjects:

MARC

Tag First Indicator Second Indicator Subfields
LEADER 00000cam a2200000 a 4500
001 in00002004149
005 20151031123423.0
008 041015s2003 enka b 001 0 eng
010 |a  2002154819 
020 |a 041525308X (hardback : alk. paper) 
020 |a 0415253098 (pbk. : alk. paper) 
035 |a (OCoLC)ocm51172249 
040 |a DLC  |c DLC  |d YDX  |d TXA  |d UtOrBLW 
043 |a e------ 
049 |a TXAM 
050 0 4 |a D113.5  |b .M43 2003 
082 0 0 |a 940.1  |2 21 
090 |a D113.5  |b .M44 2003 
245 0 0 |a Medieval worlds :  |b a sourcebook /  |c edited by Roberta Anderson and Dominic Aidan Bellenger. 
264 1 |a London ;  |a New York :  |b Routledge,  |c 2003. 
300 |a xx, 328 pages :  |b illustrations ;  |c 26 cm. 
336 |a text  |b txt  |2 rdacontent 
337 |a unmediated  |b n  |2 rdamedia 
338 |a volume  |b nc  |2 rdacarrier 
504 |a Includes bibliographical references (pages [310]-313) and index. 
536 |a Shirley W. Bryan and Richard R. Bryan '56 Endowment ; Humanities for Engineers. 
650 0 |a Civilization, Medieval  |v Sources. 
650 0 |a Crusades  |v Sources. 
650 0 |a Cities and towns, Medieval  |v Sources. 
651 0 |a Europe  |x Social conditions  |y To 1492  |v Sources. 
651 0 |a Europe  |x Church history  |y 600-1500  |v Sources. 
700 1 |a Anderson, Roberta,  |d 1948- 
700 1 |a Bellenger, Dominic Aidan. 
948 |a cataloged  |b h  |c 2005/2/1  |d c  |e ceaton  |f 1:44:55 pm 
994 |a C0  |b TXA 
999 |a MARS 
999 f f |s 118b9b9a-814c-3232-9cf6-a9badabf8526  |i b8748fe1-d0b0-34b5-a822-e5c28ba1ed62  |t 0 
952 f f |p normal  |a Texas A&M University  |b College Station  |c Sterling C. Evans Library  |d Evans: Library Stacks  |t 0  |e D113.5 .M44 2003  |h Library of Congress classification  |i unmediated -- volume  |m A14831762624 
998 f f |a D113.5 .M44 2003  |t 0  |l Evans: Library Stacks